[Event "Satty Zhuldyz Blitz"]
[Site "chess24.com"]
[Date "2023.04.24"]
[Round "1"]
[White "Vincent Keymer"]
[Black "Alexander Grischuk"]
[Result "1-0"]
[EventDate "?"]
[WhiteElo "2651"]
[BlackElo "2727"]
[PlyCount "110"]

1. Nf3 d5 2. e3 Nf6 3. c4 e6 4. b3 c5 5. Bb2 Nc6 6. cxd5 exd5 7. Be2 d4 8. exd4 cxd4 9. Bb5 Bc5 10. Qe2+ Be6 11. Bxc6+ bxc6 12. Qe5 Qd5 13. Bxd4 Qxe5+ 14. Bxe5 Nd5 15. O-O f6 16. Bd4 Be7 17. Nc3 c5 18. Be3 Nxc3 19. dxc3 Kf7 20. Nd2 a5 21. Ne4 c4 22. Nd2 Rhc8 23. Bd4 Ba3 24. Nxc4 Bxc4 25. bxc4 Rxc4 26. Rab1 Bf8 27. Rfe1 Rac8 28. Rb7+ Kg6 29. g3 Bc5 30. Bxc5 R8xc5 31. Ree7 Rxc3 32. Rxg7+ Kf5 33. Rxh7 Ke4 34. Rh4+ Kd3 35. Rd7+ Kc2 36. Rf4 Kb2 37. a4 Ka3 38. Rdd4 Rb3 39. Rxf6 Rb4 40. Rff4 Kxa4 41. h4 Kb3 42. Rxb4+ axb4 43. Kg2 Kc3 44. Rf3+ Kc2 45. Rf8 b3 46. Rb8 b2 47. g4 Rc3 48. Rxb2+ Kxb2 49. h5 Kc2 50. h6 Kd2 51. g5 Rc7 52. Kf3 Rf7+ 53. Kg3 Kd3 54. Kg4 Ke4 55. g6 Kd5 1-0

[Event "Satty Zhuldyz Blitz"]
[Site "chess24.com"]
[Date "2023.04.24"]
[Round "2"]
[White "Jakhongir Vakhidov"]
[Black "Vincent Keymer"]
[Result "1/2-1/2"]
[EventDate "?"]
[WhiteElo "2568"]
[BlackElo "2651"]
[PlyCount "80"]

1. c4 Nf6 2. Nc3 e5 3. Nf3 Nc6 4. e3 Bb4 5. Qc2 Bxc3 6. bxc3 d6 7. e4 O-O 8. Be2 h6 9. O-O b6 10. Re1 Nh7 11. d4 Qf6 12. c5 dxc5 13. Ba3 Rd8 14. Bb5 Ng5 15. Nxg5 hxg5 16. dxc5 Ne7 17. Rad1 Be6 18. Rxd8+ Rxd8 19. Rd1 Ng6 20. g3 Bg4 21. Rxd8+ Qxd8 22. Bf1 Bf3 23. cxb6 axb6 24. Qd3 Qxd3 25. Bxd3 g4 26. Kf1 Nf8 27. Ke1 Ne6 28. Kd2 c5 29. Ke3 Kf8 30. Bc4 Ke7 31. Bxe6 Kxe6 32. Bb2 Bd1 33. Bc1 g6 34. Kd3 b5 35. Ke3 f5 36. Ba3 c4 37. Bf8 Bc2 38. exf5+ gxf5 39. Bg7 Bd1 40. a3 1/2-1/2

[Event "Satty Zhuldyz Blitz"]
[Site "chess24.com"]
[Date "2023.04.24"]
[Round "3"]
[White "Vincent Keymer"]
[Black "Bibisara Assaubayeva"]
[Result "1-0"]
[EventDate "?"]
[WhiteElo "2651"]
[BlackElo "2440"]
[PlyCount "74"]

1. d4 Nf6 2. Nf3 g6 3. Nbd2 d5 4. b3 Bg7 5. Bb2 O-O 6. e3 a5 7. c4 c6 8. Be2 Bf5 9. O-O Ne4 10. Nh4 Nxd2 11. Qxd2 Be6 12. Bd3 a4 13. Nf3 axb3 14. axb3 Na6 15. h3 h6 16. Rfd1 Qd7 17. Ba3 Rfe8 18. Bf1 Bf5 19. Ne5 Qc7 20. Qc3 Qb6 21. b4 Rac8 22. c5 Qd8 23. b5 Nb8 24. Bb4 h5 25. Ba5 Rc7 26. bxc6 Bxe5 27. dxe5 Nxc6 28. Bxc7 Qxc7 29. Rxd5 Be6 30. Rdd1 Nxe5 31. Qb4 Rc8 32. Rac1 Nc6 33. Qb6 Qb8 34. Rb1 Rc7 35. Bb5 Ne5 36. Ba6 Rc6 37. Rd8+ 1-0

[Event "Satty Zhuldyz Blitz"]
[Site "chess24.com"]
[Date "2023.04.24"]
[Round "4"]
[White "Boris Gelfand"]
[Black "Vincent Keymer"]
[Result "0-1"]
[EventDate "?"]
[WhiteElo "2601"]
[BlackElo "2651"]
[PlyCount "88"]

1. Nf3 d5 2. g3 Nf6 3. Bg2 c5 4. O-O e6 5. d4 cxd4 6. Nxd4 e5 7. Nb3 a5 8. Bg5 a4 9. N3d2 Be7 10. Bxf6 Bxf6 11. c4 d4 12. Na3 O-O 13. c5 Be7 14. Rc1 Nc6 15. Ndc4 Be6 16. Nb6 Ra5 17. Nxa4 Bd5 18. Nc4 Ra6 19. Ncb6 Bxg2 20. Kxg2 Bxc5 21. Rxc5 Rxb6 22. Nxb6 Qxb6 23. Qc2 e4 24. Rc1 Re8 25. Qc4 Qd8 26. b4 Qf6 27. b5 Ne7 28. Rc7 h5 29. Rd7 Nf5 30. Qd5 h4 31. Rcc7 Nh6 32. Qxd4 Qf5 33. Rd5 h3+ 34. Kf1 Qe6 35. Rcd7 Ng4 36. Rd8 Rxd8 37. Rxd8+ Kh7 38. Qd5 Qg6 39. Qd4 Nxh2+ 40. Kg1 Ng4 41. Rd5 f5 42. Rd6 Qh5 43. Rd7 Qh6 44. e3 h2+ 0-1

[Event "Satty Zhuldyz Blitz"]
[Site "chess24.com"]
[Date "2023.04.24"]
[Round "5"]
[White "Vincent Keymer"]
[Black "Kateryna Lagno"]
[Result "1-0"]
[EventDate "?"]
[WhiteElo "2651"]
[BlackElo "2508"]
[PlyCount "72"]

1. c4 e6 2. Nf3 d5 3. e3 Nf6 4. b3 c5 5. Bb2 Nc6 6. cxd5 exd5 7. Be2 d4 8. exd4 cxd4 9. Bb5 Bc5 10. Qe2+ Be6 11. Bxc6+ bxc6 12. Qe5 Bd6 13. Qxd4 O-O 14. O-O c5 15. Qh4 Be7 16. Qg3 Nh5 17. Qe5 Bf6 18. Qxh5 Bxb2 19. Nc3 Bxa1 20. Rxa1 c4 21. b4 Qd7 22. h3 h6 23. Re1 Rfe8 24. Re3 f6 25. Qb5 Qd6 26. Qa5 a6 27. Ne4 Qd5 28. Qb6 Rab8 29. Qc7 Rxb4 30. Qg3 Kh7 31. Nh4 Bf7 32. Nd6 Rxe3 33. fxe3 Rb1+ 34. Kh2 Kg8 35. Nhf5 g5 36. Ne7+ 1-0

[Event "Satty Zhuldyz Blitz"]
[Site "chess24.com"]
[Date "2023.04.24"]
[Round "6"]
[White "Vincent Keymer"]
[Black "Vladimir Kramnik"]
[Result "1-0"]
[EventDate "?"]
[WhiteElo "2651"]
[BlackElo "2712"]
[PlyCount "80"]

1. c4 c6 2. Nf3 Nf6 3. Nc3 d5 4. e3 e6 5. b3 Bd6 6. Bb2 O-O 7. Be2 e5 8. cxd5 cxd5 9. Nb5 Nc6 10. Nxd6 Qxd6 11. d4 e4 12. Ne5 Nd7 13. Nxc6 bxc6 14. a4 Re8 15. Ba3 Qc7 16. O-O Re6 17. Qc2 Rh6 18. h3 Nf6 19. Rfc1 Bxh3 20. Qxc6 Qxc6 21. Rxc6 Rg6 22. Bf1 h5 23. Be7 h4 24. Bxf6 gxf6 25. Kh2 Bd7 26. Rc7 Be6 27. b4 f5 28. b5 Kg7 29. a5 f4 30. exf4 Rg4 31. a6 Rxf4 32. Kg1 Rf6 33. Rxa7 Rg8 34. Ra3 Kh6 35. b6 h3 36. b7 h2+ 37. Kxh2 Rxf2 38. Ra8 Rg5 39. Rh8+ Kg7 40. b8=Q 1-0

[Event "Satty Zhuldyz Blitz"]
[Site "chess24.com"]
[Date "2023.04.24"]
[Round "7"]
[White "Levon Aronian"]
[Black "Vincent Keymer"]
[Result "0-1"]
[EventDate "?"]
[WhiteElo "2815"]
[BlackElo "2651"]
[PlyCount "92"]

1. e4 e5 2. Nf3 Nc6 3. Bc4 Nf6 4. d3 Bc5 5. c3 a6 6. O-O Ba7 7. a4 O-O 8. Re1 d6 9. h3 h6 10. Nbd2 Be6 11. Bxe6 fxe6 12. b4 Ne7 13. Nf1 Ng6 14. N1h2 Rf7 15. Ra2 d5 16. Qb3 c5 17. bxc5 Bxc5 18. d4 Ba7 19. exd5 Nxd5 20. Nxe5 Nxe5 21. Rxe5 Nxc3 22. Rd2 Rc8 23. Rxe6 Qd5 24. Qxd5 Nxd5 25. Bb2 Rc4 26. Rd6 Nf6 27. Rd8+ Kh7 28. a5 Ne4 29. Re2 Nxf2 30. Rxf2 Rxf2 31. Kxf2 Rc2+ 32. Ke3 Rxb2 33. Ra8 Rxg2 34. Nf3 Bxd4+ 35. Nxd4 Ra2 36. Ra7 Rxa5 37. Rxb7 Rh5 38. Ne6 Re5+ 39. Kf4 Rxe6 40. h4 Kg6 41. Rb8 Kh5 42. Rb7 g6 43. Kg3 Re3+ 44. Kf2 Re4 45. Ra7 Ra4 46. Kg3 Ra3+ 0-1

[Event "Satty Zhuldyz Rapid"]
[Site "Astana KAZ"]
[Date "2023.04.22"]
[Round "9.3"]
[White "Haik M Martirosyan"]
[Black "Vincent Keymer"]
[Result "1/2-1/2"]
[EventDate "2023.04.20"]
[WhiteElo "2675"]
[BlackElo "2700"]
[PlyCount "66"]

1. d4 Nf6 2. c4 e6 3. Bg5 h6 4. Bh4 Bb4+ 5. Nd2 d5 6. a3 Be7 7. e3 O-O 8. Ngf3 Nbd7 9. Rc1 a5 10. Be2 c6 11. O-O a4 12. Qc2 Re8 13. Rfd1 Qa5 14. h3 b6 15. e4 dxe4 16. Nxe4 Bb7 17. Nxf6+ Nxf6 18. c5 bxc5 19. dxc5 Rad8 20. Bg3 Rd5 21. Rxd5 exd5 22. Be5 Ne4 23. Bd3 Qxc5 24. Bxe4 dxe4 25. Qxc5 Bxc5 26. Rxc5 exf3 27. gxf3 Ba6 28. Bc3 Re6 29. Kh2 Rg6 30. Be5 Be2 31. Rc3 Bb5 32. h4 Re6 33. Bg3 1/2-1/2

[Event "Satty Zhuldyz Rapid"]
[Site "Astana KAZ"]
[Date "2023.04.22"]
[Round "10.4"]
[White "Vincent Keymer"]
[Black "Javokhir Sindarov"]
[Result "1/2-1/2"]
[EventDate "2023.04.20"]
[WhiteElo "2700"]
[BlackElo "2661"]
[PlyCount "116"]

1. d4 Nf6 2. Nf3 g6 3. Nbd2 Bg7 4. e4 d6 5. Bb5+ Bd7 6. a4 a5 7. Qe2 O-O 8. O-O Nc6 9. Rd1 Nh5 10. Nf1 e5 11. Bxc6 bxc6 12. dxe5 dxe5 13. Bg5 Qc8 14. Ng3 Nf4 15. Qe3 Bg4 16. h3 h6 17. Bxf4 exf4 18. Qxf4 Bxf3 19. Qxf3 Bxb2 20. Rab1 Bg7 21. Qb3 Rb8 22. Qc4 Rb6 23. Rb3 Re8 24. f4 Rd8 25. Rdd3 Rxd3 26. Qxd3 c5 27. e5 Qe8 28. Rb5 Rxb5 29. axb5 a4 30. Ne4 Qa8 31. Qc4 a3 32. Nc3 g5 33. e6 fxe6 34. Qxe6+ Kh8 35. f5 Qg8 36. Qxg8+ Kxg8 37. Na2 Kf7 38. Kf2 Kf6 39. g4 Ke5 40. Ke3 Kd5 41. Kd3 c4+ 42. Ke3 Bf6 43. Nc1 Kc5 44. Ke4 Bg7 45. Na2 Bh8 46. Nc1 Bg7 47. Na2 Bf6 48. Nc1 c6 49. bxc6 Kxc6 50. Na2 Kc5 51. Nc1 Kd6 52. Na2 Be5 53. Nb4 Bf6 54. Na2 Kc5 55. Nc1 Kb4 56. Na2+ Kc5 57. Nc1 Kb4 58. Na2+ 1/2-1/2

[Event "Satty Zhuldyz Rapid"]
[Site "Astana KAZ"]
[Date "2023.04.22"]
[Round "11.4"]
[White "Yifan Hou"]
[Black "Vincent Keymer"]
[Result "1/2-1/2"]
[EventDate "2023.04.20"]
[WhiteElo "2628"]
[BlackElo "2700"]
[PlyCount "96"]

1. e4 c6 2. d4 d5 3. exd5 cxd5 4. Bd3 Nf6 5. c3 Bg4 6. Qb3 Qc7 7. h3 Bh5 8. Ne2 Bxe2 9. Bf4 Qd7 10. Bxe2 Nc6 11. Nd2 e6 12. Nf3 a6 13. O-O Be7 14. Bd3 O-O 15. Ne5 Qc8 16. a4 Nxe5 17. Bxe5 Qc6 18. Qc2 g6 19. Qe2 Nd7 20. Bf4 Bd6 21. Bxd6 Qxd6 22. Rfe1 Kg7 23. Qd2 Rfe8 24. Re3 h5 25. Rae1 h4 26. R3e2 Rh8 27. Qg5 Rae8 28. Re3 Rh5 29. Qg4 Nf6 30. Qe2 Reh8 31. Qd2 Qf4 32. Qd1 Qc7 33. Re5 Rxe5 34. Rxe5 Nd7 35. Re3 Rh5 36. Qg4 Nf6 37. Qe2 Qf4 38. Rf3 Qc7 39. Re3 Rg5 40. Re5 Rxe5 41. dxe5 Nd7 42. f4 Nc5 43. Bc2 Qb6 44. Qf2 Qxb2 45. Qxh4 Nd7 46. Bxg6 Kxg6 47. Qg5+ Kh7 48. Qh5+ Kg7 1/2-1/2

[Event "Satty Zhuldyz Rapid"]
[Site "Astana KAZ"]
[Date "2023.04.21"]
[Round "5.1"]
[White "Vincent Keymer"]
[Black "Kateryna Lagno"]
[Result "1/2-1/2"]
[EventDate "2023.04.20"]
[WhiteElo "2700"]
[BlackElo "2560"]
[PlyCount "144"]

1. c4 e6 2. Nf3 d5 3. e3 Nf6 4. b3 c5 5. Bb2 Nc6 6. cxd5 exd5 7. Be2 Bd6 8. O-O O-O 9. d4 Bg4 10. dxc5 Bxc5 11. Nc3 a6 12. h3 Bh5 13. Nh4 Bg6 14. Nxg6 hxg6 15. Bf3 Ne7 16. Qe2 Qd6 17. Rad1 Rfe8 18. Rd3 Qe6 19. Rfd1 Rad8 20. Qd2 Bb6 21. Nxd5 Nexd5 22. Bxd5 Nxd5 23. Rxd5 Rxd5 24. Qxd5 Rd8 25. Qf3 Rd7 26. Qe2 Bd8 27. Bd4 Bf6 28. Bxf6 gxf6 29. Qf3 Rxd1+ 30. Qxd1 Qc6 31. a4 Kg7 32. Qd3 Qc1+ 33. Kh2 Qb2 34. f4 Qc1 35. Qe4 b5 36. axb5 axb5 37. b4 Qc4 38. Qd4 Qe2 39. Qc3 Qc4 40. Qd2 Qf1 41. Kg3 Kg8 42. e4 Kg7 43. Qc3 Kg8 44. Qe3 Qc4 45. Qe1 Qd3+ 46. Kh2 Qd4 47. Kg3 Qd3+ 48. Kf2 Qd4+ 49. Kf3 Qd3+ 50. Kg4 Qd4 51. h4 Kg7 52. e5 f5+ 53. Kf3 Qd3+ 54. Qe3 Qf1+ 55. Kg3 Qc4 56. Qd2 Qf1 57. Qc3 Kg8 58. Qe3 Qc4 59. Qd2 Kg7 60. h5 gxh5 61. Kh4 Qc6 62. Qe2 Qe4 63. Qxe4 fxe4 64. f5 Kh6 65. Kg3 Kg5 66. e6 fxe6 67. fxe6 Kf6 68. Kf4 Kxe6 69. Kxe4 h4 70. Kd4 Kd6 71. Ke4 Ke6 72. Kd4 Kd6 1/2-1/2

[Event "Satty Zhuldyz Rapid"]
[Site "Astana KAZ"]
[Date "2023.04.21"]
[Round "7.2"]
[White "Levon Aronian"]
[Black "Vincent Keymer"]
[Result "1-0"]
[EventDate "2023.04.20"]
[WhiteElo "2745"]
[BlackElo "2700"]
[PlyCount "124"]

1. e4 e5 2. Nf3 Nc6 3. Bc4 Nf6 4. d3 Bc5 5. c3 a6 6. O-O Ba7 7. a4 O-O 8. Re1 d6 9. h3 h6 10. Nbd2 Be6 11. Bxe6 fxe6 12. b4 Ne7 13. Nf1 Ng6 14. Ra2 d5 15. Ng3 c6 16. Be3 Bxe3 17. Rxe3 Qd6 18. d4 Rad8 19. dxe5 Nxe5 20. Nxe5 Qxe5 21. Rd2 Qc7 22. e5 Nd7 23. Qg4 Nxe5 24. Qxe6+ Nf7 25. Nf5 Kh7 26. Qe7 Qd7 27. Re6 Ng5 28. Rxh6+ Kg8 29. Rg6 Nxh3+ 30. gxh3 Qxe7 31. Nxe7+ Kf7 32. Re2 Rd7 33. Nxc6 bxc6 34. Rxc6 d4 35. cxd4 Rxd4 36. Rxa6 Rxb4 37. Ra7+ Kf6 38. Re3 Rf4 39. Rg3 g6 40. Ra6+ Ke5 41. Rg5+ Ke4 42. Rg4 Rxg4+ 43. hxg4 Kf4 44. Kg2 Kxg4 45. Rxg6+ Kf5 46. Rg3 Ra8 47. Ra3 Ra5 48. Kf3 Ke5 49. Kg4 Kf6 50. f4 Ke6 51. Re3+ Kf6 52. Re4 Ra8 53. Rd4 Ra6 54. Kf3 Rc6 55. Ke3 Rc3+ 56. Kd2 Rc5 57. Kd3 Ke6 58. Rc4 Rh5 59. Re4+ Kd5 60. Rd4+ Kc5 61. Ke4 Rh1 62. Rd2 1-0

[Event "Satty Zhuldyz Rapid"]
[Site "Astana KAZ"]
[Date "2023.04.20"]
[Round "1.3"]
[White "Vincent Keymer"]
[Black "Alexander Grischuk"]
[Result "1/2-1/2"]
[EventDate "2023.04.20"]
[WhiteElo "2700"]
[BlackElo "2745"]
[PlyCount "82"]

1. d4 d5 2. c4 e6 3. Nf3 Nf6 4. Nc3 c5 5. cxd5 cxd4 6. Qxd4 exd5 7. Bg5 Be7 8. e3 O-O 9. Rd1 Nc6 10. Qa4 Bb4 11. Bd3 h6 12. Bh4 g5 13. Bg3 Qa5 14. Qxa5 Bxa5 15. O-O Bg4 16. Rc1 Bxc3 17. Rxc3 Ne4 18. Rcc1 Rad8 19. Ne5 Nxg3 20. Nxc6 Nxf1 21. Nxd8 Rxd8 22. Kxf1 Rc8 23. Rxc8+ Bxc8 24. Ke2 Kf8 25. Kd2 Ke7 26. Kc3 Kd6 27. Kd4 b6 28. Bh7 f6 29. Bg8 Bb7 30. b4 Bc6 31. a3 a5 32. bxa5 bxa5 33. f4 Bb7 34. Bf7 Bc6 35. g3 Bb7 36. Be8 Ba8 37. Ba4 Bb7 38. Bc2 Bc6 39. h4 gxh4 40. gxh4 Bb7 41. Bd1 1/2-1/2

[Event "Satty Zhuldyz Rapid"]
[Site "Astana KAZ"]
[Date "2023.04.20"]
[Round "2.5"]
[White "Jakhongir Vakhidov"]
[Black "Vincent Keymer"]
[Result "1/2-1/2"]
[EventDate "2023.04.20"]
[WhiteElo "2607"]
[BlackElo "2700"]
[PlyCount "172"]

1. c4 Nf6 2. Nc3 e5 3. Nf3 Nc6 4. e4 Bb4 5. d3 d6 6. Be2 O-O 7. O-O h6 8. h3 Bc5 9. a3 a5 10. Na4 Ba7 11. Be3 Nd4 12. Nxd4 exd4 13. Bd2 c6 14. b3 Re8 15. Kh1 d5 16. exd5 cxd5 17. Bf4 Bd7 18. Bf3 b5 19. cxb5 Bxb5 20. Qd2 Ne4 21. dxe4 Bxf1 22. Rxf1 dxe4 23. Bg4 Qd5 24. Rb1 h5 25. Be2 d3 26. Bd1 Qf5 27. Nb2 Re6 28. Nc4 Rf6 29. Be3 Bxe3 30. Qxe3 Qxf2 31. Qxe4 Rd8 32. Bxh5 g6 33. Bg4 d2 34. Kh2 Rd4 35. Qe3 Qxe3 36. Nxe3 Rc6 37. b4 Rc1 38. Rb2 axb4 39. axb4 f5 40. Bf3 Rd3 41. b5 Rxe3 42. Rxd2 Rb1 43. Rd6 Kg7 44. b6 Rb2 45. Kg3 g5 46. b7 Rxb7 47. Kf2 Rbe7 48. Ra6 Rc3 49. Ra2 Kf6 50. Rb2 Re6 51. Ra2 Rd6 52. Rb2 Rc1 53. Ra2 Rb1 54. Rc2 Ra1 55. Rb2 Rda6 56. Rb8 R1a2+ 57. Kg3 Kg7 58. Rb7+ Kg6 59. Rb8 R6a3 60. Rb6+ Kg7 61. Rb7+ Kf6 62. Rb6+ Ke7 63. Rb7+ Ke6 64. Rb6+ Ke7 65. Rb7+ Kd6 66. Rb6+ Kc5 67. Rg6 f4+ 68. Kg4 Rxg2+ 69. Bxg2 Rg3+ 70. Kh5 Rxg2 71. h4 Rh2 72. Kg4 Rg2+ 73. Kh5 g4 74. Rxg4 f3 75. Rf4 Rg3 76. Kh6 Kd5 77. h5 Ke5 78. Rf8 Ke4 79. Re8+ Kf4 80. Rf8+ Ke4 81. Kh7 Rg5 82. h6 Rf5 83. Re8+ Kd3 84. Re1 f2 85. Rf1 Ke2 86. Rxf2+ 1/2-1/2

[Event "Satty Zhuldyz Rapid"]
[Site "Astana KAZ"]
[Date "2023.04.20"]
[Round "3.2"]
[White "Vincent Keymer"]
[Black "Bibisara Assaubayeva"]
[Result "1/2-1/2"]
[EventDate "2023.04.20"]
[WhiteElo "2700"]
[BlackElo "2440"]
[PlyCount "90"]

1. d4 Nf6 2. c4 g6 3. g3 Bg7 4. Bg2 O-O 5. Nc3 d6 6. Nf3 c5 7. d5 e6 8. O-O exd5 9. cxd5 Re8 10. Re1 Ne4 11. Nxe4 Rxe4 12. Qc2 Re8 13. e4 Nd7 14. Bf4 Qe7 15. Rad1 Ne5 16. Nxe5 Bxe5 17. Bxe5 Qxe5 18. f4 Qg7 19. Qb3 f6 20. h3 Rb8 21. Qc3 b6 22. Re3 Bb7 23. Rde1 Re7 24. e5 fxe5 25. fxe5 Rxe5 26. Rxe5 dxe5 27. Rxe5 Rf8 28. Qe3 Qf6 29. b3 Rf7 30. h4 Kg7 31. Kh2 h6 32. Re6 Qd4 33. Qxd4+ cxd4 34. Re2 Rd7 35. Bh3 d3 36. Rd2 Rxd5 37. Bg2 Rd7 38. Bxb7 Rxb7 39. Rxd3 Rc7 40. a4 h5 41. Kg2 Rf7 42. Rd6 Rf6 43. Rd7+ Rf7 44. Rd5 a5 45. Rd6 1/2-1/2

[Event "Satty Zhuldyz Rapid"]
[Site "Astana KAZ"]
[Date "2023.04.20"]
[Round "4.6"]
[White "Boris Gelfand"]
[Black "Vincent Keymer"]
[Result "1/2-1/2"]
[EventDate "2023.04.20"]
[WhiteElo "2678"]
[BlackElo "2700"]
[PlyCount "104"]

1. Nf3 Nf6 2. g3 c5 3. Bg2 Nc6 4. c4 d5 5. cxd5 Nxd5 6. d4 cxd4 7. Nxd4 Ndb4 8. Nxc6 Qxd1+ 9. Kxd1 Nxc6 10. Nc3 Bd7 11. Be3 h5 12. Kc2 h4 13. Rhd1 g6 14. Rac1 Bg7 15. Kb1 Rc8 16. Nb5 a6 17. Na7 Nxa7 18. Bxa7 Bf5+ 19. Ka1 hxg3 20. hxg3 O-O 21. Bb6 Bg4 22. Bc7 Bxe2 23. Re1 Bb5 24. Bxb7 Rce8 25. Re4 Bd7 26. Bc6 Bf5 27. Rb4 Rc8 28. Bb7 a5 29. Rb5 a4 30. Bxc8 Rxc8 31. a3 Bd4 32. Rb8 Rxb8 33. Bxb8 Bxf2 34. Rc4 Bd7 35. Rc7 Be6 36. Rxe7 Kg7 37. Rb7 g5 38. Kb1 Bb3 39. Re7 Kg6 40. Kc1 Kh5 41. Re2 Bb6 42. Re4 f5 43. Re7 Kg4 44. Kd2 Bf2 45. Rg7 Bd4 46. Rg6 Kh5 47. Rc6 Bxb2 48. Bd6 Kg4 49. Rc3 Bxc3+ 50. Kxc3 f4 51. gxf4 gxf4 52. Bxf4 1/2-1/2

[Event "Chessable Masters Div 2"]
[Site "chess.com INT"]
[Date "2023.04.04"]
[Round "6"]
[White "Denis Lazavik"]
[Black "Vincent Keymer"]
[Result "1-0"]
[EventDate "?"]
[WhiteElo "2488"]
[BlackElo "2630"]
[PlyCount "108"]

1. d4 Nf6 2. c4 e6 3. Nf3 d5 4. g3 dxc4 5. Bg2 Bb4+ 6. Bd2 a5 7. a3 Bxd2+ 8. Nbxd2 b5 9. b3 cxb3 10. Qxb3 O-O 11. O-O Qd6 12. Rfc1 Bd7 13. Ne5 Ra7 14. e3 Rc8 15. Rc2 Be8 16. Rac1 h6 17. Qb2 Qe7 18. h4 Qd6 19. Nb3 Nfd7 20. Nd3 a4 21. Nd2 Nf6 22. Nc5 Qe7 23. Bf3 c6 24. Nde4 Nxe4 25. Bxe4 Rac7 26. Kg2 f6 27. Qb4 Bf7 28. Rc3 e5 29. dxe5 Qxe5 30. Rd3 Qe7 31. Rcd1 Bd5 32. Rd4 Bxe4+ 33. Rxe4 Qf7 34. Red4 Re8 35. e4 Rce7 36. f4 Qh5 37. R1d2 g5 38. f5 gxh4 39. Ne6 Qg4 40. Rd8 Qxg3+ 41. Kf1 Kh7 42. Nf8+ Kg7 43. Rg2 Kxf8 44. Rxg3 Rxd8 45. Rg7 Re8 46. Rxe7 Rxe7 47. e5 c5 48. Qxc5 Nd7 49. Qc8+ Kg7 50. Qd8 Rxe5 51. Qxd7+ Kg8 52. Kg2 Kf8 53. Kh3 Re4 54. Qxb5 1-0

[Event "Chessable Masters Div 2"]
[Site "chess.com INT"]
[Date "2023.04.04"]
[Round "7"]
[White "Vincent Keymer"]
[Black "Denis Lazavik"]
[Result "0-1"]
[EventDate "?"]
[WhiteElo "2630"]
[BlackElo "2488"]
[PlyCount "68"]

1. d4 Nf6 2. c4 e6 3. Nf3 d5 4. Nc3 Be7 5. h3 c5 6. dxc5 Bxc5 7. cxd5 exd5 8. e3 O-O 9. Bd3 Nc6 10. O-O Re8 11. b3 d4 12. Na4 Bd6 13. exd4 h6 14. Nc3 a6 15. Bb2 Nb4 16. Be2 Bf5 17. a3 Nbd5 18. Ne5 Nxc3 19. Bxc3 Nd5 20. Bb2 Nf4 21. Bg4 Qg5 22. Qf3 Bxg4 23. hxg4 f6 24. Nc4 Ne2+ 25. Kh1 h5 26. gxh5 Re4 27. g3 Rh4+ 28. Kg2 Bxg3 29. fxg3 Rg4 30. Kf2 Rxg3 31. Qxb7 Re8 32. Qd7 Rf3+ 33. Ke1 Rxf1+ 34. Kxf1 Qg1# 0-1

[Event "Chessable Masters Div 2"]
[Site "chess.com INT"]
[Date "2023.04.04"]
[Round "8"]
[White "Denis Lazavik"]
[Black "Vincent Keymer"]
[Result "0-1"]
[EventDate "?"]
[WhiteElo "2488"]
[BlackElo "2630"]
[PlyCount "90"]

1. d4 Nf6 2. c4 e6 3. Nf3 d5 4. g3 Bb4+ 5. Bd2 Be7 6. Bg2 O-O 7. O-O c6 8. Qc2 Nbd7 9. Bf4 a5 10. Rd1 h6 11. Ne5 a4 12. Nc3 a3 13. b3 g5 14. Nxd7 Nxd7 15. Bd2 f5 16. e3 Qe8 17. Ne2 Nf6 18. Nc1 h5 19. Nd3 h4 20. b4 Qh5 21. Ne5 hxg3 22. hxg3 Bd6 23. f3 g4 24. f4 Kg7 25. Be1 Rh8 26. Kf1 Bd7 27. c5 Bxe5 28. dxe5 Ne4 29. Bxe4 fxe4 30. Qg2 b6 31. Rac1 Rab8 32. Rd4 Bc8 33. Ke2 Qh2 34. Kf2 Ba6 35. cxb6 Rxb6 36. Rc3 Bd3 37. Rc5 Kg6 38. Bc3 Bb5 39. Qxh2 Rxh2+ 40. Ke1 Rxa2 41. Rd2 Rxd2 42. Kxd2 Rb7 43. Ba1 Rh7 44. Rc1 Rh2+ 45. Kc3 Rg2 0-1

[Event "Chessable Masters Div 2"]
[Site "chess.com INT"]
[Date "2023.04.04"]
[Round "9"]
[White "Vincent Keymer"]
[Black "Denis Lazavik"]
[Result "1/2-1/2"]
[EventDate "?"]
[WhiteElo "2630"]
[BlackElo "2488"]
[PlyCount "116"]

1. d4 Nf6 2. c4 e6 3. Nf3 d5 4. Nc3 Be7 5. h3 O-O 6. cxd5 exd5 7. Bf4 c6 8. e3 Bf5 9. g4 Be4 10. g5 Nh5 11. Bh2 g6 12. Rg1 Bxf3 13. Qxf3 Bd6 14. Bxd6 Qxd6 15. h4 Nd7 16. Be2 f5 17. gxf6 Ndxf6 18. Qg2 b5 19. O-O-O Kh8 20. Kb1 a5 21. Bd3 a4 22. Qg5 b4 23. Ne2 Ne4 24. Bxe4 dxe4 25. Qg2 Rf3 26. Rgf1 a3 27. b3 Raf8 28. Ng1 R3f5 29. Nh3 Nf6 30. Ng5 c5 31. dxc5 Qxc5 32. Nxe4 Qe5 33. Rd4 Nxe4 34. Qxe4 Qxe4+ 35. Rxe4 Rxf2 36. Rxf2 Rxf2 37. Rxb4 Rb2+ 38. Ka1 Rh2 39. Kb1 Rb2+ 40. Kc1 Rxa2 41. Ra4 Kg7 42. Ra6 h6 43. b4 Rb2 44. Rxa3 Rxb4 45. Ra7+ Kf6 46. Ra6+ Kf5 47. h5 gxh5 48. Rxh6 Kg5 49. Rh8 h4 50. Kd2 Kg4 51. Ke2 Rb2+ 52. Kf1 h3 53. Kg1 h2+ 54. Kh1 Kg3 55. Rg8+ Kh3 56. Rh8+ Kg3 57. Rg8+ Kh3 58. Rh8+ Kg3 1/2-1/2

[Event "Chessable Masters Div 2"]
[Site "chess.com INT"]
[Date "2023.04.03"]
[Round "1"]
[White "Vincent Keymer"]
[Black "Georg Meier"]
[Result "1-0"]
[EventDate "?"]
[WhiteElo "2630"]
[BlackElo "2624"]
[PlyCount "54"]

1. d4 e6 2. c4 b6 3. e4 Bb4+ 4. Nd2 Bb7 5. Qc2 Nh6 6. Nf3 f5 7. Bd3 O-O 8. O-O Be7 9. Re1 Bf6 10. a3 a5 11. Nf1 fxe4 12. Bxe4 Bxe4 13. Qxe4 Nc6 14. Bxh6 gxh6 15. Ng3 Ne7 16. Nh5 Ng6 17. Ne5 Bxe5 18. dxe5 Kh8 19. Rad1 Rf5 20. g4 Rxe5 21. Qd4 c5 22. Qc3 Qg5 23. h3 Kg8 24. Rxd7 Rxe1+ 25. Qxe1 Re8 26. f4 Qh4 27. Qxh4 1-0

[Event "Chessable Masters Div 2"]
[Site "chess.com INT"]
[Date "2023.04.03"]
[Round "2"]
[White "Georg Meier"]
[Black "Vincent Keymer"]
[Result "1-0"]
[EventDate "?"]
[WhiteElo "2624"]
[BlackElo "2630"]
[PlyCount "56"]

1. Nf3 Nf6 2. g3 c5 3. Bg2 Nc6 4. O-O e5 5. e4 Be7 6. c3 Nxe4 7. Re1 d5 8. d3 Nf6 9. Nxe5 Nxe5 10. Rxe5 O-O 11. Na3 Be6 12. Re1 Qd7 13. Bf4 Rfe8 14. Nc2 Bg4 15. Bf3 Bf5 16. Ne3 Be6 17. Be5 Rad8 18. d4 b6 19. a4 h6 20. h4 Nh7 21. Ng2 f6 22. Bc7 Qxc7 23. Rxe6 Nf8 24. Re3 cxd4 25. cxd4 g6 26. Qe2 Qd7 27. Re1 Kf7 28. Nf4 1-0

[Event "Chessable Masters Div 2"]
[Site "chess.com INT"]
[Date "2023.04.03"]
[Round "3"]
[White "Vincent Keymer"]
[Black "Georg Meier"]
[Result "1-0"]
[EventDate "?"]
[WhiteElo "2630"]
[BlackElo "2624"]
[PlyCount "58"]

1. d4 e6 2. c4 b6 3. e4 Bb4+ 4. Nd2 Bb7 5. Qc2 c5 6. d5 f5 7. a3 Ba5 8. b4 cxb4 9. Qb2 Qf6 10. e5 Qe7 11. d6 bxa3 12. Rxa3 Bxd2+ 13. Bxd2 Qh4 14. Rg3 Qe4+ 15. Be2 Kf8 16. Nh3 Nc6 17. Bc3 Nh6 18. O-O Nd8 19. c5 Nhf7 20. cxb6 axb6 21. Bf3 Qc4 22. Bxb7 Nxb7 23. Qxb6 Nbd8 24. Bd2 Qc6 25. Qb2 Qd5 26. Nf4 Qa2 27. Qc1 Rg8 28. Nh5 g6 29. Bh6+ 1-0

[Event "Chessable Masters Div 2"]
[Site "chess.com INT"]
[Date "2023.04.03"]
[Round "4"]
[White "Georg Meier"]
[Black "Vincent Keymer"]
[Result "1-0"]
[EventDate "?"]
[WhiteElo "2624"]
[BlackElo "2630"]
[PlyCount "174"]

1. e4 c5 2. Nf3 d6 3. Bb5+ Nd7 4. d4 cxd4 5. Qxd4 a6 6. Bxd7+ Bxd7 7. Nc3 e5 8. Qd3 Rc8 9. O-O Qc7 10. Rd1 h6 11. Nd2 Nf6 12. Nf1 Bg4 13. Re1 Be7 14. Ne3 Be6 15. a4 O-O 16. Rd1 Rfd8 17. a5 Qc5 18. h3 Bc4 19. Nxc4 Qxc4 20. Be3 Qxd3 21. Rxd3 Rc4 22. f3 Rdc8 23. Kf1 Kf8 24. Ke2 Ke8 25. Kd1 Nd7 26. Rd2 Nf6 27. Na4 Bd8 28. b3 R4c6 29. Nb2 Kd7 30. Nd3 Ke6 31. c4 R6c7 32. g4 Ne8 33. Bf2 h5 34. Ke2 hxg4 35. hxg4 Bg5 36. Rdd1 Nf6 37. Rh1 Rd7 38. Bh4 Bxh4 39. Rxh4 Rdd8 40. Rah1 g6 41. Rh6 Nd7 42. Kd2 Nc5 43. Kc2 Nxd3 44. Kxd3 Rc5 45. b4 Rc6 46. R6h2 Rdc8 47. Rc2 Rb8 48. Rb1 Rh8 49. Ke3 Rhc8 50. Kd3 Rh8 51. Ke3 Rhc8 52. Rbc1 Rh8 53. c5 Rhc8 54. g5 dxc5 55. bxc5 R6c7 56. Rc4 Rd8 57. Rb1 Rdc8 58. Rb6+ Ke7 59. c6 Rxc6 60. Rxb7+ Ke6 61. Rxc6+ Rxc6 62. Ra7 Rd6 63. Ke2 f6 64. Rg7 fxg5 65. Rxg6+ Ke7 66. Rxg5 Kf6 67. Rh5 Rd4 68. Rh6+ Kg5 69. Rxa6 Ra4 70. Kf2 Ra1 71. Kg3 Rg1+ 72. Kf2 Ra1 73. Ra8 Kf6 74. a6 Kg6 75. a7 Kg7 76. Kg3 Ra2 77. Kg4 Ra3 78. Kg5 Kh7 79. Kf6 Rxf3+ 80. Kxe5 Ra3 81. Kd6 Ra6+ 82. Kc5 Kg7 83. e5 Ra1 84. e6 Rc1+ 85. Kb4 Rb1+ 86. Kc3 Rb7 87. Rg8+ 1-0